Southville International School and Colleges
Your cart is empty.
  • Cart
  • Lists
    Public lists Eva Luna New books Lux_list list_1
    Your lists Log in to create your own lists
  • Log in to your account
  • Your cookies
  • Search history
Southville International School and Colleges
  • Advanced search
  • Recent comments
  • Most popular
  • Libraries

Log in to your account

Log in with GOOGLE


If you do not have an external account, but do have a local account, you can still log in:

  1. Home
  2. MARC view: Maths 1b /
Normal view MARC view ISBD view

Maths 1b / (Record no. 115332)

[ view plain ]
MARC details
000 -LEADER
fixed length control field 00411nam a2200169 a 4500
001 - CONTROL NUMBER
control field 3568
005 - DATE AND TIME OF LATEST TRANSACTION
control field 20140414132139.0
008 - FIXED-LENGTH DATA ELEMENTS--GENERAL INFORMATION
fixed length control field 040128s19uu xx 00 eng d
020 ## - INTERNATIONAL STANDARD BOOK NUMBER
International Standard Book Number 981-4027-13-8
050 ## - LIBRARY OF CONGRESS CALL NUMBER
Classification number TR 372.7
Item number K54 2010
100 ## - MAIN ENTRY--PERSONAL NAME
Personal name Kheong, Fong Ho
245 ## - TITLE STATEMENT
Title Maths 1b /
Statement of responsibility, etc Fong Ho Kheong.
260 ## - PUBLICATION, DISTRIBUTION, ETC. (IMPRINT)
Name of publisher, distributor, etc MPH,
Date of publication, distribution, etc 2001.
300 ## - PHYSICAL DESCRIPTION
Extent 120 p. ; cm.
440 ## - SERIES STATEMENT/ADDED ENTRY--TITLE
Title My pals are here!
Holdings
Withdrawn status Lost status Damaged status Home library Current library Shelving location Date acquired Source of acquisition Total Checkouts Full call number Barcode Date last seen Price effective from Koha item type
      Munich Library Munich Library Teachers Reference Section 11/11/2013     TR 372.7 K54 2010 M7370 04/14/2014 04/14/2014 Books

Maths 1b /

APA

Kheong F. H., . (2001). Maths 1b. : MPH.

Chicago

Kheong Fong Ho, . 2001. Maths 1b. : MPH.

Harvard

Kheong F. H., . (2001). Maths 1b. : MPH.

MLA

Kheong Fong Ho, . Maths 1b. : MPH. 2001.

  • Place hold
  • Print
  • Cite
  • Add to your cart (remove)
  • Save record
    BIBTEX Dublin Core MARCXML MARC (non-Unicode/MARC-8) MARC (Unicode/UTF-8) MARC (Unicode/UTF-8, Standard) MODS (XML) RIS
  • More searches
    Search for this title in:
    Other Libraries (WorldCat) Other Databases (Google Scholar) Online Stores (Bookfinder.com) Open Library (openlibrary.org)

Exporting to Dublin Core...

SOUTHVILLE LIBRARY

Southville International School and Colleges Library

1281 Tropical Ave. Cor. Luxembourg St., BF Homes International, Las Pinas City

Tel. No. 8256374 / 252358 Loc. 117/146

Powered by Koha